00420nam a2200181Ia 4500008004100000020001800041245001500059245002900074245001900103260001500122260001600137260000900153300001400162300002500176300001000201500000800211999001900219170705s9999 xx 000 0 und d a9780439664721 aLadybugs : bred, fiery, and bright / cby Mia Posada. aNew York : bScholastic, c2002 aunpaged : bcolor illustration ; c22cm. a670 c337304d337304